Komunikasyon at pananaliksik sa wika at kulturang Filipino / (Record no. 357867)
[ view plain ]
| 000 -LEADER | |
|---|---|
| fixed length control field | 00677nam a2200229Ia 4500 |
| 008 - FIXED-LENGTH DATA ELEMENTS--GENERAL INFORMATION | |
| fixed length control field | 180523s9999 xx 000 0 und d |
| 020 ## - INTERNATIONAL STANDARD BOOK NUMBER | |
| International Standard Book Number | 978-621-415-041-0 |
| 050 ## - LIBRARY OF CONGRESS CALL NUMBER | |
| Classification number | FIL PL 6054 |
| 050 ## - LIBRARY OF CONGRESS CALL NUMBER | |
| Item number | .B37 2016 |
| 100 ## - MAIN ENTRY--PERSONAL NAME | |
| Personal name | Baronda, Andrew John C. |
| 245 #0 - TITLE STATEMENT | |
| Title | Komunikasyon at pananaliksik sa wika at kulturang Filipino / |
| 245 #0 - TITLE STATEMENT | |
| Statement of responsibility, etc | Andrew John C. Baronda. |
| 260 ## - PUBLICATION, DISTRIBUTION, ETC. (IMPRINT) | |
| Place of publication, distribution, etc | Philippines : |
| 260 ## - PUBLICATION, DISTRIBUTION, ETC. (IMPRINT) | |
| Name of publisher, distributor, etc | JFS Publishing, |
| 260 ## - PUBLICATION, DISTRIBUTION, ETC. (IMPRINT) | |
| Date of publication, distribution, etc | 2016 |
| 300 ## - PHYSICAL DESCRIPTION | |
| Extent | 155 pages : |
| 300 ## - PHYSICAL DESCRIPTION | |
| Other physical details | illustrations ; |
| 300 ## - PHYSICAL DESCRIPTION | |
| Dimensions | 26 cm. |
| 500 ## - GENERAL NOTE | |
| General note | Includes bibliographical references. |
| 650 ## - SUBJECT ADDED ENTRY--TOPICAL TERM | |
| Topical term or geographic name as entry element | Filipino language -- Study and teaching. |
| 650 ## - SUBJECT ADDED ENTRY--TOPICAL TERM | |
| General subdivision | Filipino language -- Grammar. |
| Withdrawn status | Lost status | Damaged status | Home library | Current library | Shelving location | Date acquired | Cost, normal purchase price | Total Checkouts | Full call number | Barcode | Date last seen | Price effective from | Koha item type |
|---|---|---|---|---|---|---|---|---|---|---|---|---|---|
| South Mansfield College | South Mansfield College | Filipiniana Section | 02/16/2017 | 457.20 | FIL PL 6054 .B37 2016 | SMC06115 | 05/23/2018 | 05/23/2018 | Books |